000 00430nam a2200157 i 4500
001 22824
003 ES-MaACL
005 20230906152748.0
007 t|
008 021204s1972 sp ||||1| spa d
100 1 _aAlperi, Víctor.
_920458
245 1 4 _aLos hierros de una cárcel
_b: novela /
_cVíctor Alperi.
260 _aMadrid :
_bCumillera,
_c[1972]
300 _a260 p. ;
_c18 cm.
852 _aES-MaACL
_jC-52763
_bR.84053
999 _c22824
_d22824